00414nam a22001577a 4500003000900000005001700009008004100026040001300067082001600080100001900096245001200115260004700127300002200174504004900196650001100245BDDh-ASL20231015025859.0201230s1966 enk||||| |||| 00| 0 eng d cBDDh-ASL a297.09bFAI1 aRahman, Fazlur10aIslam / aLondon: bWeidenfeld and Nicolson, c1966. a271 p.: c22 cm.  aInclude Bibliographical References and Index 0aIslam